Evénements du 11 janvier - Statistiques

Statistiques générales
  • Ce quiz a été pris 40 fois
  • Le résultat moyen est 7 sur 15
Statistiques - réponses
Hint Réponse % Correct
Marche républicaine en mémoire des victimes des récents attentats 2015
86%
Athanaric, chef goth, se soumet à l'empereur Théodose 381
86%
Prise de pouvoir de l'impératrice byzantine Théodora 1055
69%
Parution du Petit chaperon rouge de Perrault 1697
57%
Début de l'opération française Serval au Mali 2013
54%
Naissance de Maurice Duruflé, compositeur 1902
46%
Mort de Maurice Pialat 2003
46%
Début de l'occupation de la Ruhr ET Naissance de Jacqueline Maillan 1923
34%
Mort de Jean de Lattre de Tassigny 1952
34%
Naissance d'Albert Dupontel, comédien 1964
34%
Mort d'Eric Rohmer, réalisateur 2010
29%
Naissance de Pierre Mendès-France 1907
23%
Inauguration du paquebot France 1962
23%
Naissance de Bernard Blier, acteur 1916
20%
1er diabétique traité à l'insuline 1922
14%
Aucun quiz correspondant
Distribution des résultats
% des personnes avec chaque résultat
Percentile par nombre de réponses
Votre historique - résultats
Vous n’avez pas pris ce quiz